Malaysian taxation : (Record no. 220)

000 -LEADER
fixed length control field nam a22 a 4500
003 - CONTROL NUMBER IDENTIFIER
control field AKMAL
005 - DATE AND TIME OF LATEST TRANSACTION
control field 20170427085835.0
008 - FIXED-LENGTH DATA ELEMENTS--GENERAL INFORMATION
fixed length control field 170427s2005 my | e | 000 0 eng d
020 ## - INTERNATIONAL STANDARD BOOK NUMBER
International Standard Book Number 9832639980 (pbk.) :
Terms of availability RM35.00
040 ## - CATALOGING SOURCE
Transcribing agency AKMAL
082 04 - DEWEY DECIMAL CLASSIFICATION NUMBER
Classification number 336.2009595 VEE
Edition number 22
090 00 - LOCALLY ASSIGNED LC-TYPE CALL NUMBER (OCLC); LOCAL CALL NUMBER (RLIN)
Classification number (OCLC) (R) ; Classification number, CALL (RLIN) (NR) 336.2009595
Local cutter number (OCLC) ; Book number/undivided call number, CALL (RLIN) VEE
100 0# - MAIN ENTRY--PERSONAL NAME
Personal name Veerinderjeet Singh,
Dates associated with a name 1956-
9 (RLIN) 498
245 10 - TITLE STATEMENT
Title Malaysian taxation :
Remainder of title revision & practice guide /
Statement of responsibility, etc. Veerinderjeet Singh, Chow Chee Yen
246 3# - VARYING FORM OF TITLE
Title proper/short title Malaysian taxation :
Remainder of title revision and practice guide
250 ## - EDITION STATEMENT
Edition statement 2nd. ed.
260 ## - PUBLICATION, DISTRIBUTION, ETC.
Place of publication, distribution, etc. Petaling Jaya :
Name of publisher, distributor, etc. Prentice Hall,
Date of publication, distribution, etc. 2005
300 ## - PHYSICAL DESCRIPTION
Extent 360p. ;
Dimensions 24cm.
500 ## - GENERAL NOTE
General note Includes questions and answers
650 10 - SUBJECT ADDED ENTRY--TOPICAL TERM
Topical term or geographic name entry element Taxation
Geographic subdivision Malaysia
Form subdivision Problems, exercises, etc.
9 (RLIN) 499
700 1# - ADDED ENTRY--PERSONAL NAME
Personal name Chow, Chee Yen
9 (RLIN) 500
942 ## - ADDED ENTRY ELEMENTS (KOHA)
Source of classification or shelving scheme
Koha item type Book
Holdings
Withdrawn status Lost status Source of classification or shelving scheme Damaged status Not for loan Collection code Home library Current library Shelving location Date acquired Inventory number Total Checkouts Full call number Barcode Date last seen Price effective from Koha item type
          NON-FICTION AKMAL Melaka AKMAL Melaka PINJAMAN 27.04.2017 305020   336.2009595 VEE 201700538 27.04.2017 27.04.2017 Book
          NON-FICTION AKMAL Melaka AKMAL Melaka PINJAMAN 27.04.2017 305019   336.2009595 VEE 201705625 11.05.2017 27.04.2017 Book
          NON-FICTION AKMAL Melaka AKMAL Melaka PINJAMAN 27.04.2017 305019   336.2009595 VEE 201706099 26.05.2017 27.04.2017 Book
Pusat Sumber Maklumat Dato' Haji Sarmin Md Hussin, Akademi Kastam Diraja Malaysia, Melaka
Tel: 06-2331106 | Faks: 06-2313787